Veľká noc v Ríme Svätý Otec vchádza do Baziliky svätého Petra za úplnej tmy, len s veľkonočnou sviecou v rukách. V tej chvíli sa v dave cítite ako pri slávení rovnakej vigílie pred stovkami rokov

Bibliographic Details
Main Author: Jánošíková, Zuzana (Author)
Format: Article
Language:Slovak
PhysicalDescription:Fotogr.
ISSN:1210-4040
Subjects:
Online Access:http://plus7dni.pluska.sk/plus7dni/reportaz/velka-noc-rime.html

MARC

LEADER 00000nab a2200000 a 4500
001 vtls010274348
003 SK-MaSNL
005 20260426074504.0
008 110428c2011 xo wrzp 0 0slo
015 |a SNBRB2011/02  |2 rvgkpd 
038 |a RVGKPD 
040 |a RVGKPD  |b slo  |c RVGKPD  |e AACR2 
041 0 |a slo 
044 |a xo  |c SK 
080 |a 291.36  |2 1997 
100 1 |a Jánošíková, Zuzana  |4 aut  |9 413151 
245 1 0 |a Veľká noc v Ríme  |b Svätý Otec vchádza do Baziliky svätého Petra za úplnej tmy, len s veľkonočnou sviecou v rukách. V tej chvíli sa v dave cítite ako pri slávení rovnakej vigílie pred stovkami rokov  |c Zuzana Jánošíková 
300 |b Fotogr. 
650 0 7 |a Veľká noc  |2 rvgkpd  |9 3414 
650 0 7 |a Sviatky veľkonočné  |2 rvgkpd  |9 1348611 
651 7 |a Vatikán  |2 rvgkpd  |9 31476 
773 0 |t Plus 7 dní  |g Roč. XX, č. 17 (2011), s. 56-60  |x 1210-4040 
852 |a RVGKPD  |b KIS3G 
856 4 1 |u http://plus7dni.pluska.sk/plus7dni/reportaz/velka-noc-rime.html 
992 |a RBX 
999 |c 2739613  |d 2741543